00647cam a2200205 a 450000100100000000500170001000800410002702000150006804000250008308200170010810000300012524500410015526000660019630000200026249000200028250000710030265000240037365000260039783000180042300001935920200929170008.0100626s1985 sp 000 0 spa d a8400060954 aDO-SdBNPbspacBNPHU a861.44bE77p1 aEsquillor, Marianod1919-10aPaisajes vivos /cMariano Esquillor. aZaragoza :bInstitución "Fernando el Católico",c[1985] . a62 p. ;c24 cm.1 aSan Jorge :v45 aIncluye datos biográficos del autor en la solapa de la cubierta. 4aPoesía española 4aLiteratura española 0aSan Jorgev45